32 points of a compass - Statistics

General Stats
  • This quiz has been taken 152 times
  • The average score is 16 of 32
Answer Stats
Answer % Correct
North
100%
East
96%
Northeast
94%
South
94%
West
89%
Southeast
87%
North-northeast
85%
Southwest
81%
Northwest
76%
South-southeast
76%
South-southwest
69%
East-northeast
65%
East-southeast
63%
North-northwest
63%
West-northwest
54%
West-southwest
50%
North by East
35%
East by south
33%
East by north
31%
South by west
28%
Northeast by east
26%
South by east
26%
Northeast by north
24%
West by south
22%
Southeast by east
19%
West by north
19%
North by west
17%
Southeast by south
17%
Southwest by west
15%
Southwest by south
11%
Northwest by north
9%
Northwest by west
9%
No matching quizzes found
Score Distribution
Percent of People with Each Score
Percentile by Number Answered
Your Score History
You have not taken this quiz